| 000 | 00879nam a2200217Ia 4500 | ||
|---|---|---|---|
| 003 | OSt | ||
| 005 | 20240513143323.0 | ||
| 008 | 210210b2003 xxu||||| |||| 00| 0 eng d | ||
| 020 | _a81 7713 127 3 | ||
| 040 | _cAL | ||
| 041 | _aKannada | ||
| 082 | _aK894.9 NAGA | ||
| 100 |
_aNAGARAJAYYA (Hampa). _d ಹಂಪ ನಾಗರಾಜಯ್ಯ. _9164330 |
||
| 245 |
_aAnanya samskrati sahitya sambandhi lekhanagalu. _bಅನನ್ಯ. ಸಂಸ್ಕೃತಿ -ಸಾಹಿತ್ಯ ಸಂಬಂಧೀ ಲೇಖನಗಳು. |
||
| 260 |
_aBengaluru _bKannada Pustaka Pradikara _c2003 |
||
| 300 | _a240 | ||
| 650 |
_aMoortirav bhava kundanagara durgastamana janna matantara ratidevi basadigalu bijjala vaddaradhane jinalaya rayajagajhampa mailapatirtha jvalamalinidevi mulugunda nannuvamsha _9164331 |
||
| 690 |
_aKannada Criticism _9164332 |
||
| 906 | _a058335 | ||
| 942 |
_2ddc _cBK |
||
| 999 |
_c105863 _d105863 |
||